000
00336 a2200157 4500
001
175342
020
_a
85-345-0533-0
040
_c
Magnum
100
_a
Silva, Luiz Carlos
240
1
0
_a
Geografia 7
_l
por
245
1
0
_a
Geografia 7
300
_a
176
362
0
_a
1998
697
_a
HISTÓRIA - GEOGRAFIA - BIOGRAFIAS
942
_c
BK
999
_c
175342
_d
175342